000 00679nam a22001937a 4500
003 DO-SdBNP
005 20220127125021.0
007 ta
008 210809b 2016 dr 00| 0 eng d
020 _a9789945086973
040 _aDO-SdBNP
_bspa
_cBNPHU
082 4 _222
245 1 0 _aRecopilación jurisprudencial integrada de las decisiones del Tribunal Constitucional de la República Dominicana : sentencias año 2015 /
_ccompilador L. Almanzor González Canahuate.
260 _aSanto Domingo :
_bCentenario,
_c2016.
300 _a2 v. ;
_c29 cm.
590 _aInventariado, 2021 /LP
700 1 _aGonzález Canahuate, L. Almanzor,
_ecompilador
_95213
942 _2ddc
_cLBS1
999 _c50200
_d50200